Biggest Cities That Have The Same First Letter As Their Country - Statistics

General Stats
  • This quiz has been taken 29 times
  • The average score is 21 of 49
Answer Stats
Population Answer % Correct
22,753,000 Mexico City
92%
4,990,000 Brasilia
85%
2,054,000 Panama City
85%
10,026,000 Seoul
85%
1,738,000 Stockholm
81%
9,998,000 Chengdu
77%
3,405,000 Kuwait City
77%
1,393,000 Adelaide
73%
3,004,000 Algiers
73%
2,917,000 Cali
73%
6,351,000 Belo Horizonte
69%
2,141,000 Brussels
69%
18,171,000 Chongqing
69%
3,229,000 Guatemala City
69%
1,687,000 Calgary
62%
1,085,000 Marrakesh
62%
7,048,000 Taipei
62%
2,545,000 Tunis
62%
6,157,000 Singapore
58%
5,128,000 Changsha
54%
5,273,000 Monterrey
54%
2,453,000 Belem
50%
1,562,000 Niamey
50%
2,328,000 Isfahan
46%
1,230,000 Maputo
46%
1,334,000 Porto
46%
1,140,000 Rostov-on-Don
46%
3,482,000 Indore
42%
1,106,000 Cartagena
38%
1,594,000 Mandalay
31%
2,549,000 Peshawar
31%
1,215,000 Mexicali
27%
4,891,000 Changchun
23%
1,258,000 Merida
23%
2,031,000 Valencia
23%
1,350,000 Bujumbura
19%
1,886,000 Cixi
15%
1,393,000 Taichung
15%
1,389,000 Suwon
12%
2,357,000 Taoyuan
12%
1,123,000 Changshu
8%
4,179,000 Changzhou
8%
1,305,000 Chifeng
8%
1,985,000 Matola
8%
1,545,000 Chaozhou
4%
1,052,000 Chengde
4%
1,149,000 Chenzhou
4%
1,243,000 Bobo-Dioulasso
0%
1,362,000 Nnewi
0%
No matching quizzes found
Score Distribution
Percent of People with Each Score
Percentile by Number Answered
Your Score History
You have not taken this quiz